| 000 | 00592cam a2200229 4500 | ||
|---|---|---|---|
| 001 | B2665 | ||
| 008 | 090401t1989 xxu||||| |||| 00| 0 eng d | ||
| 035 | _a(Sirsi) u51369 | ||
| 041 | _aeng | ||
| 050 | _a333.33095125 | ||
| 110 |
_aLevett and Bailey _93137 |
||
| 245 | _aHong Kong property market commentary. - November 1989 | ||
| 260 |
_aHong Kong _bLevett and Bailey _c1989 |
||
| 300 | _a(43) leaves ; 30cm. | ||
| 350 | _a0 | ||
| 650 | _aHOTELS | ||
| 650 | _aINDUSTRIAL PROPERTY | ||
| 650 | _aOFFICES | ||
| 650 |
_aRESIDENTIAL PROPERTY _96266 |
||
| 942 | _n0 | ||
| 948 | _c04/03/1997 | ||
| 999 |
_c92884 _d92884 |
||